000 00791nam a2200217Ia 4500
005 20241129110211.0
008 241129s9999||||xx |||||||||||||| ||und||
020 _a9788188388691
037 _aTB
040 _aARTS
_bhin
_cARTS
041 _ahin
_2hin
084 _aY48.2 152R3
_qARTS
100 _aसेठ, विशनचन्द्र, ले.
245 0 _aराष्ट्रीय नेताओं की ऐतिहासिक भूलें
_cसेठ, विशनचन्द्र, ले.
260 _aनई दिल्ली, भारत
_bहिन्दी साहित्य सदन
_c2020
300 _a158पृ0
365 _aINR
_b150
650 _aSociologyLeader
_9727458
942 _cTB
_hY48.2 152R3
999 _c1227692
_d1227692